Lessons in teaching number & place value in primary schools

Gespeichert in:
Bibliographische Detailangaben
1. Verfasser: MORGAN, Kath
Format: Buch
Sprache:Englisch
Veröffentlicht: Sage Publications, 2014.
Tags: Tag hinzufügen
Keine Tags, Fügen Sie den ersten Tag hinzu!

MARC

LEADER 00000nam a22000007a 4500
008 210819b ||||| |||| 00| 0 eng d
020 |a 978-1-4462-9526-7 
100 |a MORGAN, Kath. 
245 |a Lessons in teaching number & place value in primary schools  |c  Kath Morgan and Stephanie Suter  |e Lesson in teaching  |g vii, 139p. : ill. 
260 |b Sage Publications,   |c 2014.   |h Los Angeles:   |i 692513   |i 692514   |l  QA141.15 .M82  |m Number concept in children – Study and teaching (Elementary) – Great Britain.  |m Place value (Mathematics) – Study and teaching (Elementary) – Great Britain. 
500 |a “It includes references and index”. 
942 |a lcc  |c BK  |e Adeniran, F. A  |f 19/08/2021 
952 |0 0  |1 0  |2 lcc  |4 0  |6 QA014115 M82  |7 0  |9 3171  |a HOL  |b SL  |c QZ  |d 2021-08-19  |l 0  |o QA141.15 .M82  |p 2021-66869  |r 2021-08-19 00:00:00  |w 2021-08-19  |y BK 
952 |0 0  |1 0  |2 lcc  |4 0  |6 QA014115 M82  |7 0  |9 3172  |a HOL  |b HOL  |c QZ  |d 2021-08-19  |l 0  |o QA141.15 .M82  |p 2021-66870  |r 2021-08-19 00:00:00  |w 2021-08-19  |y BK 
999 |c 1603  |d 1603